000
00227nam a22000857a 4500
008
160704b xxu||||| |||| 00| 0 eng d
100
_9
1910
_a
Sharma, B.M
245
_a
School Administration
260
_a
New Delhi
_b
Common Wealth
_c
2005
999
_c
1612
_d
1612